000 00380nam a2200169Ia 4500
100 _aPoorna Chandra/S/ Sasikala/B
650 _aLab Manual
942 _cBK
366 _f10
654 _aLab manual
245 _aElectronics Laboratory Primer
260 _bS.Chand and Co.
_aMumbai
_c2008
082 _a621.381/POO
_bPOO
300 _a422
546 _aENGLISH
999 _c29299
_d29299